[Event "Vilnius Kraujunui 80"]
[Site "Vilnius"]
[Date "2020.08.08"]
[Round "5"]
[White "Zukauskas, Petras"]
[Black "Diciunas, Valdas"]
[Result "1-0"]
[WhiteElo "1637"]
[BlackElo "1747"]
[PlyCount "95"]
[EventDate "2020.08.05"]
[EventType "tourn"]
[EventRounds "9"]
[EventCountry "LTU"]
[SourceTitle "EXT 2021"]
[Source "ChessBase"]
[SourceDate "2020.10.23"]
[SourceVersion "1"]
[SourceVersionDate "2020.10.23"]
[SourceQuality "1"]

1. d4 Nf6 2. c4 c5 3. d5 b5 4. cxb5 a6 5. bxa6 d6 6. Nc3 g6 7. e4 Nbd7 8. f4 Bg7 9. Bd3 Bxa6 10. Bxa6 Rxa6 11. Qd3 Qb6 12. Nge2 0-0 13. 0-0 Ng4 14. Qf3 Ngf6 15. Rb1 h5 16. b3 Rb8 17. h3 c4+ 18. Be3 Qc7 19. b4 Ne8 20. a4 Rb7 21. Bd4 e5 22. dxe6 fxe6 23. Bxg7 Nxg7 24. Nd4 Qb6 25. Qf2 e5 26. b5 Ra8 27. Nc6 Qxf2+ 28. Rxf2 exf4 29. Rxf4 Ne5 30. Nxe5 dxe5 31. Rf6 g5 32. Rc6 g4 33. Kh2 gxh3 34. Kxh3 Rd8 35. Rxc4 Rd4 36. Rxd4 exd4 37. Nd5 Ne6 38. a5 Nc5 39. b6 d3 40. Rb5 d2 41. Ne3 Na6 42. Rd5 Re7 43. Rxd2 Rxe4 44. Nd5 Ra4 45. Nc7 Ra3+ 46. g3 Nc5 47. a6 Ne4 48. Rg2 1-0

[Event "LTU-ch Rapid op"]
[Site "Panevezys"]
[Date "2020.07.04"]
[Round "1.7"]
[White "Miezis, Normunds"]
[Black "Diciunas, Valdas"]
[Result "1-0"]
[WhiteElo "2477"]
[BlackElo "1763"]
[PlyCount "61"]
[EventDate "2020.07.04"]
[EventType "swiss (rapid)"]
[EventRounds "11"]
[EventCountry "LTU"]
[SourceTitle "EXT 2023"]
[Source "ChessBase"]
[SourceDate "2022.10.05"]
[SourceVersion "1"]
[SourceVersionDate "2022.10.05"]
[SourceQuality "1"]

1. c4 e5 2. Nc3 Nf6 3. g3 Nc6 4. Bg2 Bc5 5. a3 a5 6. e3 0-0 7. Nge2 d6 8. d3 Rb8 9. 0-0 Bf5 10. h3 h6 11. Kh2 Qd7 12. f4 exf4 13. Nxf4 Rfe8 14. Ncd5 Nxd5 15. cxd5 Ne7 16. e4 Bh7 17. d4 Bb6 18. e5 Nf5 19. e6 fxe6 20. dxe6 Qd8 21. d5 Ne3 22. Bxe3 Bxe3 23. Nh5 Re7 24. Qg4 Kh8 25. Rae1 Bb6 26. Rf7 g6 27. Ref1 Rxf7 28. Rxf7 Qg5 29. e7 Qxg4 30. hxg4 gxh5 31. Rf8+ 1-0

[Event "LTU-ch"]
[Site "Vilnius"]
[Date "2019.03.17"]
[Round "4"]
[White "Sakalauskas, Vaidas"]
[Black "Diciunas, Valdas"]
[Result "1-0"]
[WhiteElo "2346"]
[BlackElo "1813"]
[PlyCount "141"]
[EventDate "2019.03.15"]
[EventType "swiss"]
[EventRounds "9"]
[EventCountry "LTU"]
[SourceTitle "EXT 2020"]
[Source "ChessBase"]
[SourceDate "2019.10.17"]
[SourceVersion "1"]
[SourceVersionDate "2019.10.17"]
[SourceQuality "1"]

1. d4 Nf6 2. c4 g6 3. Nc3 Bg7 4. e4 d6 5. Be2 0-0 6. Nf3 Na6 7. 0-0 e5 8. Re1 Bg4 9. Be3 exd4 10. Nxd4 Bxe2 11. Qxe2 Nc5 12. f3 a6 13. Rad1 Re8 14. Qc2 Qc8 15. b4 Ne6 16. Nde2 Nh5 17. Nd5 Nf6 18. Nec3 Nd7 19. Ne2 Nf6 20. Nxf6+ Bxf6 21. Nc3 Bg7 22. Nd5 Qd8 23. Kh1 Rc8 24. c5 Qh4 25. Bf2 Qd8 26. Bg3 Nd4 27. Qf2 dxc5 28. bxc5 Ne6 29. Nxc7 Bd4 30. Nxe8 Bxf2 31. Rxd8 Rxd8 32. Bxf2 Rxe8 33. Rb1 Re7 34. g3 Kg7 35. Rd1 Rc7 36. Rd5 Kf6 37. f4 Rc6 38. f5 gxf5 39. exf5 Nc7 40. Rd7 h5 41. Kg2 Kxf5 42. Rxf7+ Kg6 43. Rd7 Kf5 44. Kh3 Ne6 45. Rd5+ Kg6 46. Be3 Rc7 47. Kh4 Rh7 48. a4 a5 49. Re5 Ng7 50. Rg5+ Kf7 51. Bd2 Ke6 52. Bxa5 Nf5+ 53. Kh3 Nd4 54. Bc3 Nc6 55. Bd2 Ne7 56. Bc3 Nc6 57. Kh4 Ne7 58. Re5+ Kf7 59. Rxh5 Nf5+ 60. Kg5 Rxh5+ 61. Kxh5 Ne3 62. g4 Kg8 63. Be5 Nc4 64. Bd4 Na5 65. Kg6 Nc6 66. Bf6 Nb8 67. h4 Nd7 68. h5 Nf8+ 69. Kf5 Nd7 70. Bd4 Nf8 71. g5 1-0

[Event "LTU-ch"]
[Site "Vilnius"]
[Date "2019.03.16"]
[Round "2"]
[White "Diciunas, Valdas"]
[Black "Stremavicius, Pijus"]
[Result "0-1"]
[WhiteElo "1813"]
[BlackElo "2079"]
[PlyCount "154"]
[EventDate "2019.03.15"]
[EventType "swiss"]
[EventRounds "9"]
[EventCountry "LTU"]
[SourceTitle "CBM 189 Extra"]
[Source "ChessBase"]
[SourceDate "2019.06.03"]
[SourceVersion "1"]
[SourceVersionDate "2019.06.03"]
[SourceQuality "1"]

1. e4 d6 2. d4 Nf6 3. Nc3 g6 4. Nf3 Bg7 5. Be3 c6 6. h3 b5 7. e5 Nfd7 8. exd6 exd6 9. Ne4 Qe7 10. Ng3 Nb6 11. Be2 0-0 12. 0-0 Nd5 13. Bg5 f6 14. Bd2 Nd7 15. Re1 Qd8 16. c4 bxc4 17. Bxc4 N7b6 18. Bb3 Bd7 19. Ne2 h6 20. Nc3 Kh7 21. Rc1 f5 22. Na4 Re8 23. Ba5 Qf6 24. Nc3 Nf4 25. Ne2 Ne6 26. Bc3 Ng5 27. Nxg5+ Qxg5 28. Qd2 Qxd2 29. Bxd2 a5 30. Bc3 a4 31. Bc2 Nd5 32. Rb1 a3 33. Bb3 axb2 34. Bxb2 Nb4 35. Nf4 g5 36. Ne6 Bxe6 37. Rxe6 d5 38. Rxe8 Rxe8 39. Bc3 Na6 40. Ba4 Rc8 41. Rb6 Nb8 42. Bc2 Kg6 43. g4 Kf6 44. Bxf5 Rd8 45. Bb4 Bf8 46. a3 Bxb4 47. axb4 Ke7 48. Kg2 Kd6 49. Rb7 Na6 50. b5 Nc7 51. bxc6 Kxc6 52. Rb2 Nb5 53. Rd2 Ra8 54. Bg6 Kd6 55. Kg3 Rc8 56. Rd3 Rc4 57. f4 Nxd4 58. fxg5 hxg5 59. Bh7 Ne2+ 60. Kf2 Nf4 61. Rf3 Ke5 62. Bf5 d4 63. Bh7 Rb4 64. Bf5 Rb2+ 65. Kf1 Rh2 66. Ke1 Nxh3 67. Kd1 Nf4 68. Ke1 Kd5 69. Rf2 Rh1+ 70. Rf1 Rxf1+ 71. Kxf1 Kc4 72. Ke1 Kc3 73. Be4 d3 74. Kd1 d2 75. Bf5 Nd5 76. Bc2 Ne3+ 77. Ke2 Nxc2 0-1

[Event "Vilnius School Rating"]
[Site "Vilnius"]
[Date "2017.06.04"]
[Round "5.4"]
[White "Shalabayev, Syrym"]
[Black "Diciunas, Valdas"]
[Result "1/2-1/2"]
[WhiteElo "1833"]
[BlackElo "1818"]
[PlyCount "82"]
[EventDate "2017.06.02"]
[EventType "swiss"]
[EventRounds "5"]
[EventCountry "LTU"]
[SourceTitle "EXT 2024"]
[Source "ChessBase"]
[SourceDate "2023.10.10"]
[SourceVersion "1"]
[SourceVersionDate "2023.10.10"]
[SourceQuality "1"]

1. e4 e5 2. Nf3 f5 3. Nxe5 Qf6 4. d4 d6 5. Nc4 fxe4 6. Nc3 Qg6 7. Bf4 Nf6 8. Qd2 Be7 9. Be2 0-0 10. 0-0-0 a6 11. f3 Nh5 12. Be3 b5 13. Na3 Bb7 14. Nxe4 Nd7 15. Bd3 Qe8 16. Ng5 Bxg5 17. Bxg5 Nhf6 18. Rhe1 Qd8 19. Bf5 Nb6 20. h4 Bd5 21. h5 Bf7 22. g4 c6 23. Nb1 Nbd5 24. Nc3 Qa5 25. Bxf6 Nxf6 26. a3 b4 27. Ne4 Nxe4 28. Rxe4 Rab8 29. Qg5 g6 30. hxg6 hxg6 31. Re5 dxe5 32. Bxg6 Qd8 33. Bh7+ Kh8 34. Qxe5+ Kxh7 35. Rh1+ Kg6 36. Qf5+ Kg7 37. Qh7+ Kf6 38. Rh6+ Ke7 39. Qe4+ Kd7 40. Qxc6+ Ke7 41. Qe4+ Kd7 1/2-1/2

[Event "LTU-ch"]
[Site "Vilnius"]
[Date "2017.02.27"]
[Round "4"]
[White "Jegorovas, Aleksandras"]
[Black "Diciunas, Valdas"]
[Result "1-0"]
[WhiteElo "2282"]
[BlackElo "1809"]
[PlyCount "69"]
[EventDate "2017.02.25"]
[EventType "swiss"]
[EventRounds "9"]
[EventCountry "LTU"]
[SourceTitle "CBM 177 Extra"]
[Source "ChessBase"]
[SourceDate "2017.04.27"]
[SourceVersion "1"]
[SourceVersionDate "2017.04.27"]
[SourceQuality "1"]

1. Nf3 Nf6 2. c4 g6 3. Nc3 Bg7 4. e4 d6 5. d4 Nbd7 6. Be2 e5 7. d5 0-0 8. 0-0 a6 9. Qc2 Kh8 10. Rd1 Ng8 11. Rb1 Bh6 12. b4 b6 13. Ne1 Bxc1 14. Qxc1 f5 15. Nd3 Ndf6 16. exf5 Bxf5 17. Qe3 a5 18. a3 axb4 19. axb4 Qd7 20. Ra1 Rxa1 21. Rxa1 Qg7 22. Ra7 Nh6 23. h3 Bxd3 24. Qxd3 Nf5 25. Nb5 Ne8 26. Bg4 Nd4 27. Nxd4 exd4 28. Ra8 h6 29. Qe4 Qe5 30. Qxe5+ dxe5 31. Bd7 d3 32. Rxe8 d2 33. Rxf8+ Kg7 34. Ba4 Kxf8 35. Kf1 1-0

[Event "LTU-ch"]
[Site "Vilnius"]
[Date "2017.02.26"]
[Round "3"]
[White "Diciunas, Valdas"]
[Black "Klabis, Rokas"]
[Result "1/2-1/2"]
[WhiteElo "1809"]
[BlackElo "2252"]
[PlyCount "83"]
[EventDate "2017.02.25"]
[EventType "swiss"]
[EventRounds "9"]
[EventCountry "LTU"]
[SourceTitle "CBM 177 Extra"]
[Source "ChessBase"]
[SourceDate "2017.04.27"]
[SourceVersion "1"]
[SourceVersionDate "2017.04.27"]
[SourceQuality "1"]

1. e4 e5 2. Nc3 Nc6 3. Bc4 Nf6 4. d3 Bc5 5. Bg5 h6 6. Bh4 a6 7. Nd5 g5 8. Bg3 d6 9. c3 Nxd5 10. Bxd5 Qf6 11. Qe2 Ne7 12. Bb3 Ng6 13. f3 Bd7 14. Qd2 0-0-0 15. Ne2 h5 16. Rf1 Nf4 17. Nxf4 gxf4 18. Bf2 Rhg8 19. Rg1 Be6 20. Bxe6+ fxe6 21. 0-0-0 Bxf2 22. Qxf2 d5 23. Qa7 c6 24. Qf2 h4 25. Kc2 Qg5 26. h3 Rg7 27. Rd2 Rdg8 28. exd5 exd5 29. Re2 Qf6 30. Qe1 Re7 31. Qd2 Rge8 32. Rge1 Qf5 33. Kc1 Kc7 34. b3 Re6 35. Rf1 Kc8 36. Rfe1 Qf6 37. Kb2 R8e7 38. Rf1 Qg7 39. Rfe1 Qf6 40. Rf1 Qg7 41. Rfe1 Qf6 42. Rf1 1/2-1/2

[Event "LTU-ch"]
[Site "Vilnius"]
[Date "2017.02.26"]
[Round "2"]
[White "Kaunas, Kestutis"]
[Black "Diciunas, Valdas"]
[Result "0-1"]
[WhiteElo "2169"]
[BlackElo "1809"]
[PlyCount "104"]
[EventDate "2017.02.25"]
[EventType "swiss"]
[EventRounds "9"]
[EventCountry "LTU"]
[SourceTitle "CBM 177 Extra"]
[Source "ChessBase"]
[SourceDate "2017.04.27"]
[SourceVersion "1"]
[SourceVersionDate "2017.04.27"]
[SourceQuality "1"]

1. d4 Nf6 2. Nf3 g6 3. c4 c5 4. d5 b5 5. Qc2 bxc4 6. e4 Bb7 7. Bxc4 Bg7 8. Nc3 d6 9. 0-0 Nbd7 10. Re1 0-0 11. h3 Nb6 12. Bf1 Nfd7 13. Bf4 a6 14. Rad1 Qc7 15. Qd2 Rad8 16. Bh6 Nf6 17. Qg5 Nbd7 18. Bc4 Nb6 19. Bb3 c4 20. Bc2 Nbd7 21. Bxg7 Kxg7 22. e5 dxe5 23. Nxe5 Nb6 24. Ng4 Ng8 25. Ne3 Kh8 26. h4 Bc8 27. h5 f6 28. Qh4 g5 29. Qd4 e5 30. Qe4 f5 31. d6 Qc5 32. Qf3 g4 33. Qe2 g3 34. Nf1 gxf2+ 35. Qxf2 Qxf2+ 36. Kxf2 e4 37. Rd4 Nf6 38. Ng3 Rg8 39. Nge2 Ng4+ 40. Kg1 Ne3 41. Bd1 Nxg2 42. Rf1 Ne3+ 43. Kf2 Nxf1 44. Kxf1 Be6 45. Nf4 Bf7 46. Kf2 Rd7 47. Na4 Rgd8 48. Nxb6 Rxd6 49. Rxd6 Rxd6 50. Nxc4 Bxc4 51. Be2 Bxa2 52. Ke3 Kg7 0-1

[Event "LTU-chT"]
[Site "Lithuania"]
[Date "2017.02.19"]
[Round "5.5"]
[White "Jankunas, Tomas"]
[Black "Diciunas, Valdas"]
[Result "1-0"]
[WhiteElo "2035"]
[BlackElo "1809"]
[PlyCount "67"]
[EventDate "2017.01.28"]
[EventType "team-swiss"]
[EventRounds "7"]
[EventCountry "LTU"]
[SourceTitle "CBM 176 Extra"]
[Source "ChessBase"]
[SourceDate "2017.03.02"]
[SourceVersion "1"]
[SourceVersionDate "2017.03.02"]
[SourceQuality "1"]
[WhiteTeam "Kaunas KTU"]
[BlackTeam "Vilnius Pasaku"]
[WhiteTeamCountry "LTU"]
[BlackTeamCountry "LTU"]

1. e4 d5 2. exd5 Qxd5 3. Nc3 Qd6 4. Nf3 Nf6 5. d4 c6 6. h3 Bf5 7. Bc4 e6 8. 0-0 Be7 9. Ne2 0-0 10. c3 Qd8 11. a4 Nbd7 12. a5 Nd5 13. Ng3 Bg6 14. Bd3 Bxd3 15. Qxd3 N7f6 16. Ne5 c5 17. dxc5 Bxc5 18. Qf3 Qc7 19. Ng4 Bd6 20. Nxf6+ Nxf6 21. Ne4 Be5 22. Nxf6+ Bxf6 23. Be3 Rfe8 24. Rfd1 Red8 25. Rxd8+ Bxd8 26. a6 h6 27. axb7 Rb8 28. Rxa7 Be7 29. Ra8 Bd6 30. Ba7 Qd8 31. Bxb8 Bxb8 32. Rxb8 Qxb8 33. Qc6 Kh7 34. Qc8 1-0

[Event "LTU-chT"]
[Site "Lithuania"]
[Date "2017.01.28"]
[Round "1.3"]
[White "Diciunas, Valdas"]
[Black "Jegorovas, Aleksandras"]
[Result "0-1"]
[WhiteElo "1809"]
[BlackElo "2282"]
[PlyCount "120"]
[EventDate "2017.01.28"]
[EventType "team-swiss"]
[EventRounds "7"]
[EventCountry "LTU"]
[SourceTitle "CBM 176 Extra"]
[Source "ChessBase"]
[SourceDate "2017.03.02"]
[SourceVersion "1"]
[SourceVersionDate "2017.03.02"]
[SourceQuality "1"]
[WhiteTeam "Vilnius Pasaku"]
[BlackTeam "Panevezys Gigant Chess"]
[WhiteTeamCountry "LTU"]
[BlackTeamCountry "LTU"]

1. e4 e6 2. Qe2 Be7 3. g3 d5 4. Bg2 Nf6 5. e5 Nfd7 6. f4 c5 7. d3 Nc6 8. c3 0-0 9. Nf3 b5 10. 0-0 a5 11. Rd1 Qc7 12. Kh1 a4 13. Be3 Ba6 14. Rc1 c4 15. d4 a3 16. Nxa3 Bxa3 17. bxa3 Bb7 18. Rab1 Qa5 19. Rc2 Nb6 20. Nh4 Ne7 21. g4 Bc8 22. Bd2 Bd7 23. Bh3 Qa4 24. Bc1 Ng6 25. Nf3 Ne7 26. Rcb2 Qa5 27. Rc2 Na4 28. Bd2 Nb6 29. Bc1 Kh8 30. Nh4 Ng6 31. Nf3 f6 32. f5 exf5 33. e6 fxg4 34. Bxg4 Rfe8 35. Bf5 Bxe6 36. Bxe6 Nf8 37. Qg2 Rxe6 38. Bf4 Ng6 39. Bc7 Rae8 40. Qd2 Qa7 41. Bg3 Qd7 42. Qf2 Na4 43. Rg1 Re4 44. Rb1 h5 45. Rg1 Qf5 46. Ne5 R8xe5 47. dxe5 Qxf2 48. Bxf2 Nxe5 49. Bd4 Nf3 50. Rb1 Nxd4 51. cxd4 Rxd4 52. Rxb5 c3 53. Rb3 Rc4 54. Rb5 d4 55. Rxh5+ Kg8 56. Rd5 Nb2 57. Rb5 d3 58. Rb8+ Kh7 59. Rbxb2 cxb2 60. Rxb2 Rc1+ 0-1

[Event "WchT Amateur"]
[Site "Kaunas"]
[Date "2016.11.25"]
[Round "6.3"]
[White "Butvilas, Aistis"]
[Black "Diciunas, Valdas"]
[Result "1-0"]
[WhiteElo "1772"]
[BlackElo "1787"]
[PlyCount "163"]
[EventDate "2016.11.20"]
[EventType "team-swiss"]
[EventRounds "9"]
[EventCountry "LTU"]
[SourceTitle "CBM 175 Extra"]
[Source "ChessBase"]
[SourceDate "2016.12.12"]
[SourceVersion "1"]
[SourceVersionDate "2016.12.12"]
[SourceQuality "1"]
[WhiteTeam "Lithuania Standartas"]
[BlackTeam "Lithuania Vilnius"]
[WhiteTeamCountry "LTU"]
[BlackTeamCountry "LTU"]

1. d4 Nf6 2. Nf3 c5 3. d5 d6 4. c4 g6 5. Nc3 Bg7 6. Nd2 Nbd7 7. e4 Nb6 8. Be2 0-0 9. 0-0 a6 10. Qc2 Bd7 11. b3 Qc7 12. Bb2 Rab8 13. h3 Ne8 14. Nd1 f5 15. exf5 Bxf5 16. Bd3 Bxd3 17. Qxd3 Bxb2 18. Nxb2 Ng7 19. Ne4 Rbe8 20. Nd1 Nd7 21. Ndc3 Ne5 22. Qc2 Nf5 23. f4 Nf7 24. Rae1 Qd7 25. Qd3 Nd8 26. Kh2 b6 27. g4 Ng7 28. Kg3 Nf7 29. Rf2 h5 30. Nd2 Nh8 31. Rfe2 Kh7 32. Nde4 Nf7 33. Rf2 Qd8 34. Rff1 e5 35. dxe6 Rxe6 36. Nd5 Rfe8 37. Re2 Kh8 38. Rfe1 Nh6 39. Ng5 Rxe2 40. Rxe2 Rxe2 41. Qxe2 hxg4 42. hxg4 Qe8 43. Qxe8+ Nxe8 44. Nxb6 Nf6 45. Nc8 d5 46. cxd5 Nhxg4 47. Ne6 Ne3 48. Nxc5 Nexd5 49. Nd3 Ne4+ 50. Kf3 Nec3 51. a4 Kg7 52. Nc5 Nb4 53. Nd6 a5 54. Nc4 Nc6 55. Kg4 Kf6 56. Nb7 Ke6 57. Nbxa5 Nd4 58. Kg5 Nd5 59. Ne5 Ne2 60. Nxg6 Nd4 61. Nh4 Nb6 62. f5+ Kf7 63. Nc4 Nd7 64. b4 Nf6 65. a5 Nb5 66. Ne5+ Kg7 67. Nc6 Nd5 68. Nf3 Kf7 69. Nfe5+ Kg7 70. Ng4 Nbc7 71. f6+ Kf8 72. Kf5 Ne8 73. a6 Ndc7 74. a7 Nd6+ 75. Kg6 Ndb5 76. Nge5 Nd6 77. f7 Nxf7 78. Nxf7 Ke8 79. Nfe5 Kf8 80. b5 Na8 81. b6 Nxb6 82. Nd7+ 1-0

[Event "WchT Amateur"]
[Site "Kaunas"]
[Date "2016.11.20"]
[Round "1.3"]
[White "Diciunas, Valdas"]
[Black "Kooshani, Mahbuboollah"]
[Result "1-0"]
[WhiteElo "1787"]
[BlackElo "1949"]
[PlyCount "85"]
[EventDate "2016.11.20"]
[EventType "team-swiss"]
[EventRounds "9"]
[EventCountry "LTU"]
[SourceTitle "CBM 175 Extra"]
[Source "ChessBase"]
[SourceDate "2016.12.12"]
[SourceVersion "1"]
[SourceVersionDate "2016.12.12"]
[SourceQuality "1"]
[WhiteTeam "Lithuania Vilnius"]
[BlackTeam "Afghanistan"]
[WhiteTeamCountry "LTU"]
[BlackTeamCountry "AFG"]

1. e4 c6 2. c4 d5 3. exd5 cxd5 4. d4 Nc6 5. Nc3 dxc4 6. Nf3 Bg4 7. Be3 e5 8. d5 Bxf3 9. gxf3 Nd4 10. Bxc4 a6 11. Bxd4 exd4 12. Qxd4 Nf6 13. 0-0-0 Bd6 14. Rde1+ Kd7 15. Kb1 Re8 16. Bb3 Rxe1+ 17. Rxe1 Qa5 18. Rc1 Rc8 19. Qa7 Qc7 20. Qd4 Bxh2 21. Rc2 Be5 22. Qa4+ Kd8 23. Ne4 Qb8 24. Rd2 Qc7 25. Bc2 Qd7 26. Qb3 h5 27. Qd3 Ke8 28. Bb3 Qb5 29. Qxb5+ axb5 30. Rd1 Kd7 31. Ng5 Ke8 32. d6 Rd8 33. Nxf7 Nd7 34. Re1 Kf8 35. Nxe5 Nxe5 36. Rxe5 Rxd6 37. Rxh5 Rg6 38. Rd5 Ke7 39. Rd1 Rg2 40. Rd2 b4 41. Bd5 b6 42. Be4 g5 43. Kc2 1-0

[Event "LTU-ch sf"]
[Site "Vilnius"]
[Date "2015.02.23"]
[Round "7"]
[White "Grybas, Gintaras"]
[Black "Diciunas, Valdas"]
[Result "0-1"]
[WhiteElo "2000"]
[BlackElo "1802"]
[PlyCount "113"]
[EventDate "2015.02.18"]
[EventType "swiss"]
[EventRounds "8"]
[EventCountry "LTU"]
[SourceTitle "CBM 165 Extra"]
[Source "ChessBase"]
[SourceDate "2015.04.21"]
[SourceVersion "1"]
[SourceVersionDate "2015.04.21"]
[SourceQuality "1"]

1. d4 Nf6 2. c4 e6 3. Nf3 c5 4. dxc5 Bxc5 5. Nc3 d5 6. cxd5 exd5 7. e3 a6 8. Be2 Nc6 9. 0-0 0-0 10. b3 Qd6 11. Bb2 Rd8 12. Rc1 Qe7 13. Na4 Ba7 14. Re1 Be6 15. Bxa6 Bxe3 16. Bxf6 Qxf6 17. Bxb7 Bxc1 18. Bxa8 Rxa8 19. Qxc1 Ne7 20. Qg5 Nf5 21. Qxf6 gxf6 22. h3 Kf8 23. Rd1 Ke7 24. Nd4 Nxd4 25. Rxd4 Kd6 26. f4 Rc8 27. Rd2 h5 28. Kf2 h4 29. Nb6 Rc6 30. Nc4+ Kc5 31. Ne3 d4 32. Rc2+ Kb6 33. Nc4+ Ka6 34. Kf3 f5 35. Kf2 Bd5 36. Na3 Rg6 37. Kf1 Be4 38. Rd2 d3 39. Nc4 Kb5 40. Nb2 Kb4 41. Nd1 Rc6 42. Kf2 Kc5 43. Ke1 Kd4 44. a3 Rc2 45. b4 Bxg2 46. Nf2 Rc1+ 47. Nd1 Bxh3 48. b5 Rb1 49. a4 Bg4 50. Rb2 Rxd1+ 51. Kf2 Rc1 52. b6 Rc2+ 53. Rxc2 dxc2 54. b7 c1Q 55. b8Q Qd2+ 56. Kg1 Qe1+ 57. Kg2 0-1